00302 2200133 4500245004100000100001000041650001600051005001900067260001800086041001400104084001400118500002700132336000900159 aLaporan Hasil ObservasicNaylahText aNayla aKarya Siswa a20250925104351 aJakartac2025 aIndonesia a081 NAY l aKarya Siswa Kelas X-PH atext